X-Men by Real Name Quiz Stats

 Plays Quiz Updated Jun 27, 2013

Challenge
Share
Tweet
Embed
Score 0/25 Timer 03:00
10 Plays Today
% Correct
Professor X
94.4%
Wolverine
92.3%
Cyclops
90%
Beast
88.3%
Phoenix
85.3%
Iceman
80.3%
Nightcrawler
73.5%
Gambit
73.4%
Deadpool
69.2%
Magneto
68.9%
Rogue
68.8%
Shadowcat
67.6%
Storm
66.3%
% Correct
Angel
66.2%
Sabretooth
62.4%
Colossus
60.6%
Havok
56.8%
Juggernaut
50.9%
Banshee
45.3%
Cable
42.2%
Sunfire
40.8%
Polaris
38.9%
Thunderbird
37.3%
Changeling
29.7%
Mimic
27%

You're not logged in!

Compare scores with friends on all Sporcle quizzes.
Join for Free
OR
Log In

You Might Also Like...

Show Comments

Extras

Top Quizzes Today


Score Distribution

Your Account Isn't Verified!

In order to create a playlist on Sporcle, you need to verify the email address you used during registration. Go to your Sporcle Settings to finish the process.

Report this User

Report this user for behavior that violates our Community Guidelines.

Details: